Score 0/21 Timer 05:00
0 Plays Today
Question Answer Wrong Answers
Which A Author is This? Maya Angelou
92.7%
Jane Austen
4.2%
Margaret Atwood
3.1%
Which C Author is This? Agatha Christie
92.7%
Willa Cather
2.1%
Angela Carter
4.2%
Which F Author is This? Anne Frank
89.6%
Elena Ferrante
3.1%
Betty Friedan
2.1%
Which R Author is This? J. K. Rowling
82.3%
Ayn Rand
2.1%
Anne Rice
2.1%
Which B Author is This? Pearl S. Buck
81.3%
Emily Brontë
10.4%
Charlotte Brontë
7.3%
Which M Author is This? Toni Morrison
78.1%
Iris Murdoch
3.1%
Alice Munro
6.3%
Which S Author is This? Mary Shelley
76%
Gertrude Stein
5.2%
Susan Sontag
5.2%
Which W Author is This? Virginia Woolf
75%
Alice Walker
5.2%
Edith Wharton
6.3%
Which H Author is This? Zora Neale Hurston
75%
Patricia Highsmith
9.4%
S. E. Hinton
9.4%
Which P Author is This? Sylvia Plath
72.9%
Annie Proulx
6.3%
Dorothy Parker
7.3%
Which E Author is This? George Eliot
65.6%
Maria Edgeworth
16.7%
Anne Enright
13.5%
Which N Author is This? Anaïs Nin
61.5%
Amélie Nothomb
14.6%
Taslima Nasrin
11.5%
Which D Author is This? Simone de Beauvoir
60.4%
Emily Dickinson
26%
Grazia Deledda
10.4%
Which K Author is This? Helen Keller
59.4%
Naomi Klein
12.5%
Anna Komnene
16.7%
Which Y Author is This? Marguerite Yourcenar
55.2%
Akiko Yosano
19.8%
Banana Yoshimoto
11.5%
Which G Author is This? Diana Gabaldon
54.2%
Nadine Gordimer
22.9%
Elizabeth Gaskell
16.7%
Which O Author is This? Joyce Carol Oates
51%
Flannery O'Connor
26%
Emma Orczy
10.4%
Which J Author is This? Elfriede Jelinek
38.5%
Shirley Jackson
29.2%
P. D. James
25%
Which L Author is This? Doris Lessing
37.5%
Harper Lee
33.3%
Selma Lagerlöf
16.7%
Which U Author is This? Sigrid Undset
34.4%
Lyudmila Ulitskaya
31.3%
Lesya Ukrainka
20.8%
Which T Author is This? Olga Tokarczuk
30.2%
Donna Tartt
33.3%
P. L. Travers
22.9%
Remove Ads.
Support Sporcle.
Get the best of Sporcle when you Go Orange. This ad-free experience offers more features, more stats, and more fun while also helping to support Sporcle. Thank you for becoming a member.

You're not logged in!

Compare scores with friends on all Sporcle quizzes.
OR
Log In

Sporcle TV

Today on Sporcle TV


Watch our educational content, quiz creation guides, and fun videos on Sporcle TV.

Show Comments

Extras

Top Quizzes Today


Score Distribution

Paid Content

Your Account Isn't Verified!

In order to create a playlist on Sporcle, you need to verify the email address you used during registration. Go to your Sporcle Settings to finish the process.

Report this User

Report this user for behavior that violates our Community Guidelines.

Details: